Statistiques concernant Les 20 plus gros transferts de Liverpool

Cliquez ici pour prendre le quiz!

Statistiques générales

  • Ce quiz a été pris 311 fois
  • Le résultat moyen est 15 sur 20

Statistiques - réponses

ClubTransfertsClubJoueur% Correct
Liverpool135MBarceloneCoutinho
97%
Southampton84.65MLiverpoolVan Dijk
97%
Benfica85MLiverpoolNunez
94%
As Rome42MLiverpoolSalah
93%
As Rome62.50MLiverpoolAlisson
89%
As Monaco45MLiverpoolFabinho
88%
Liverpool46.70MAl IttihadFabinho
88%
Southampton41.20MLiverpoolMané
85%
Liverpool63.70MManchester citySterling
83%
Liverpool81.72MBarceloneSuarez
78%
Porto47MLiverpoolDiaz
76%
Hoffenheim41MLiverpoolFirmino
74%
Wolverhampton44.70MLiverpoolJota
72%
Brighton42MLiverpoolMac Allister
71%
Leipzig70MLiverpoolSzoboszlai
68%
Psv42MLiverpoolGakpo
63%
Leipzig60MLiverpoolKeita
59%
Liverpool58.50MChelseaTorres
50%
Newcastle41MLiverpoolCarroll
26%
Aston villa46.50MLiverpoolBenteke
19%

Distribution des résultats

Percentile par nombre de réponses

% des personnes avec chaque résultat

Votre développement - résultats

Vous n’avez pas pris ce quiz